=LDR 00000nam 2200000 4500 =001 INLIS000000000030593 =005 20200825110417 =035 ##$$a 0010-061300000030593 =008 200825################g##########0#ind## =041 ##$$a Ind =082 ##$$a 2X9.11 =090 ##$$a 2X9.11, Alm a =100 ##$$a Mishri, Abu Abdurrahman Al =245 1#$$a Air mata Nabi, : $b Sad management ala Nabi, /$c Abu Abdurrahman Al Mishri =260 ##$$a Jakarta :$b Amzah,$c 2008 =300 ##$$a xii, 441 hlm ; $c 14 x 19 cm =650 #4$$a Air Mata Nabi =850 ##$$a NBPNMAT =020 ##$$a 979-9392-89-6 =084 ##$$a 2X9.11 MIS a =250 ##$$a Cet. 1 =990 ##$$a 20900951